All Iraqi Wars - Statistics

General Stats
  • This quiz has been taken 39 times
  • The average score is 12 of 28
Answer Stats
Years War % Correct
1995-1996 Iraqi Kurdish Civil War
97%
1990-1991 Gulf War
93%
1980-1988 Iran–Iraq War
93%
2017 Iraqi–Kurdish conflict
93%
2003-2011 Iraq War
86%
2013-2017 War in Iraq
86%
1920 War of Independence
86%
1948-1949 Arab–Israeli War
76%
1914-1918 WW1
76%
1967 Six-Day War
62%
1961-1970 1st Iraqi–Kurdish War
59%
1974-1975 2nd Iraqi–Kurdish War
59%
2017-2019 Syrian Civil War
52%
1973 Yom Kippur War
48%
1941 Anglo-Iraqi War
28%
1958 July Revolution
17%
1968 July Revolution
17%
1963 Ramadan Revolution
17%
1935-1936 Shia Revolts
14%
1999 2nd Sadr Uprising
7%
1948 Al-Wathbah Uprising
7%
1963 Ar-Rashid Revolt
7%
1974-1975 Arvand Conflict
7%
1943-1945 Barzani Revolt
7%
1927-1930 Ikhwan revolt
7%
1919-1924 Mahmud Barzanji Revolts
7%
1959 Mosul Uprising
7%
1935 Yazidi Revolt
7%
No matching quizzes found
Score Distribution
Percent of People with Each Score
Percentile by Number Answered
Your Score History
You have not taken this quiz